| 000 | 00852cam a2200253 4500 | ||
|---|---|---|---|
| 001 | B1698 | ||
| 008 | 090401t1986 xxu||||| |||| 00| 0 eng d | ||
| 035 | _a(Sirsi) u97039 | ||
| 041 | _aeng | ||
| 050 | _a333.335 | ||
| 110 |
_aMinistry of Agriculture _91876 |
||
| 245 | _aAgricultural land prices in England and Wales. - 1976/77 - 1984/85 | ||
| 260 |
_aAlnwick,Northumberland _bMinistry of Agriculture, Fisheries and F _c1978-1986 |
||
| 300 | _a9v. ; 21cm. | ||
| 350 | _a0 | ||
| 490 |
_aBooklet _v2320 |
||
| 520 | _aProduced jointly with the Agricultural Development and Advisory Service . - Supersedes series Technical Report 20 q.v. - Superseded by new series MAFF Statistics q.v. | ||
| 650 | _aFARMLAND PRICES | ||
| 650 | _aFARMLAND | ||
| 650 | _aLAND PRICES | ||
| 710 |
_aFisheries and Food _91879 |
||
| 942 | _n0 | ||
| 948 | _c04/03/1997 | ||
| 999 |
_c98767 _d98767 |
||